Top 100 Most Recognizable Songs All-Time - Statistics

General Stats
  • This quiz has been taken 153 times
  • The average score is 36 of 100
Answer Stats
Hint Answer % Correct
Pharrell Williams Happy
76%
Aqua Barbie Girl
67%
Cyndi Lauper Girls Just Want to Have Fun
65%
Carly Rae Jepsen Call Me Maybe
59%
Shakira Hips Don't Lie
55%
Rick Astley Never Gonna Give You Up
54%
Rihanna Umbrella
54%
Toto Africa
52%
Britney Spears Oops I Did It Again
50%
Nirvana Smells Like Teen Spirit
50%
Spice Girls Wannabe
50%
Oasis Wonderwall
50%
PSY Gangnam Style
49%
Lady Gaga Poker Face
48%
ABBA Dancing Queen
47%
Britney Spears Toxic
47%
Village People Y.M.C.A
47%
Eagles Hotel California
46%
Celine Dion My Heart Will Go On
46%
50 Cent In Da Club
44%
a-ha Take on Me
44%
Bon Jovi Livin' On a Prayer
43%
The White Stripes Seven Nation Army
43%
Smash Mouth Allstar
42%
Journey Don't Stop Believin'
42%
Outkast Hey Ya!
42%
The Killers Mr. Brightside
42%
Guns N' Roses Sweet Child O' Mine
42%
Lynyrd Skynyrd Sweet Home Alabama
42%
Queen Bohemian Rhapsody
41%
Led Zeppelin Stairway to Heaven
41%
Michael Jackson Billie Jean
40%
Whitney Houston I Will Always Love You
40%
Gotye Somebody That I Used to Know
40%
Bee Gees Stayin' Alive
40%
Eurythmics Sweet Dreams
39%
Pink Floyd Another Brick in the Wall
38%
The Weeknd Blinding Lights
38%
Tears for Fears Everybody Wants to Rule the World
38%
The Police Every Breath You Take
38%
Coolio Gangsta's Paradise
38%
Michael Jackson Thriller
38%
Avicii Wake Me Up
38%
Guns N' Roses Welcome to the Jungle
38%
Linkin Park In the End
37%
Gloria Gaynor I Will Survive
37%
Coldplay Viva la Vida
37%
Green Day Boulevard of Broken Dreams
36%
ABBA Mamma Mia
36%
Europe The Final Countdown
36%
Lady Gaga Bad Romance
35%
Backstreet Boys I Want it That Way
35%
Neil Diamond Sweet Caroline
35%
John Denver Take Me Home, Country Roads
35%
Eiffel 65 Blue
34%
Survivor Eye of the Tiger
34%
Elvis Presley Jailhouse Rock
34%
Adele Rolling in the Deep
34%
Wiz Khalifa See You Again
34%
Mark Ronson Uptown Funk
34%
George Michael Careless Whisper
33%
Black Eyed Peas I Gotta Feeling
32%
Jackson 5 I Want You Back
31%
Louis Armstrong What a Wonderful World
31%
Michael Jackson Beat it
30%
Linkin Park Numb
30%
Boney M. Rasputin
30%
AC/DC Thunderstruck
30%
Wham! Wake Me Up Before You Go-Go
30%
AC/DC Back in Black
29%
The Animals House of the Rising Sun
29%
Aerosmith Dream On
28%
Eminem Lose Yourself
28%
Daft Punk Get Lucky
27%
AC/DC Highway to Hell
27%
Queen We Are the Champions
27%
Britney Spears ...Baby One More Time
26%
The Beatles Hey Jude
26%
The Beatles Let it Be
26%
Los Del Rio Macarena
26%
MC Hammer U Can't Touch This
26%
Haddaway What is Love
26%
Michael Jackson Bad
25%
Shakira Waka Waka
25%
Beyoncé Crazy in Love
24%
Ray Parker Jr. Ghostbusters
24%
Whitney Houston I Wanna Dance with Somebody
23%
Eminem The Real Slim Shady
23%
Eminem Without Me
23%
Elton John I'm Still Standing
22%
Dr. Dre Still D.R.E
22%
Queen We Will Rock You
22%
Michael Jackson Smooth Criminal
21%
Queen Don't Stop Me Now
19%
The Beatles Here Comes the Sun
19%
ABBA Gimme! Gimme! Gimme!
18%
Queen Under Pressure
16%
Dr. Dre The Next Episode
15%
Queen Another One Bites the Dust
14%
Queen I Want to Break Free
11%
No matching quizzes found
Score Distribution
Percent of People with Each Score
Percentile by Number Answered
Your Score History
You have not taken this quiz